000 00613nam a2200145Ia 4500
008 151213s9999 xx 000 0 und d
100 _aবোরহানউদ্দীন খান জাহাঙ্গীর
245 _aশিল্পকলার ইতিহাস
_cবোরহানউদ্দীন খান জাহাঙ্গীর
260 _aঢাকা।
_bবাংলা একাডেমী।
_c1986
300 _a8662 p.
650 _aBangla
650 _aইতিহাস।
700 _aবোরহানউদ্দীন খান জাহাঙ্গীর
999 _c4448
_d4448